| 000 | 01611nam a2200397 a 4500 | ||
|---|---|---|---|
| 001 | 013293 | ||
| 003 | DO-SdBNP | ||
| 005 | 20180309124124.0 | ||
| 006 | 013293 | ||
| 008 | 091123s 2008 dr a 000 0 spa d | ||
| 020 | _a9789945111873 | ||
| 040 |
_aBPMSU _bspa _cBPMSU |
||
| 049 | _a | ||
| 082 | 0 | 4 |
_a373.6561 _bC199e 4to. 2008 |
| 100 | 1 | _a Campusano, Martha | |
| 245 | 1 | 0 |
_aEspañol 4 : _b[educación básica] / _c Martha Campusano ; dirección editorial Obdulia García de Escobar ; ilustraciones Ruddy Núñez. |
| 246 | 1 | 3 | _aEspañol 4 : guía básica |
| 260 |
_aSanto Domingo : _bSantillana, _c2008. |
||
| 300 |
_axvii, 175 p. : _bil. ; _c29 cm. |
||
| 490 | 1 | _aCoral | |
| 500 | _aLa biblioteca posee Guía | ||
| 500 | _aGuía español 4 de básica | ||
| 505 |
_tNaturalmente geniales -- _t Crecemos con el trabajo -- _t Ayudamos a nuestros vecinos -- _t Amigos para siempre -- _t Una vida sin miedo -- _t El valor de las cosas -- _t¿Eres amable? _tLa leartad a los amigos -- _tLa leartad a los amigos -- _t La razón contra la codicia -- _t El satrecitos valiente. |
||
| 650 | 4 |
_aESPAÑOL _xENSEÑANZA BÁSICA |
|
| 650 | 4 |
_aESPAÑOL _xEDUCACIÓN BÁSICA |
|
| 650 | 4 |
_aESPAÑOL _xESTUDIOS Y EJERCICIOS |
|
| 650 | 4 |
_aESPAÑOL _xLIBROS DE TEXTOS |
|
| 650 | 4 |
_aEDUCACIÓN PRIMARIA _zREPÚBLICA DOMINICANA |
|
| 700 | 1 |
_aGarcía de Escobar, Obdulia, _eed. |
|
| 700 | 1 |
_aNúñez, Ruddy, _eil. |
|
| 830 | 0 | _aCoral | |
| 910 | _aValidado. Control de calidad MFF | ||
| 942 |
_2ddc _cBK |
||
| 945 | _a Remanejado para la BNPHU / 2018 VM | ||
| 956 |
_aVMATEO _b10 _c20160510 _lBPMSU _h0069 |
||
| 999 |
_c10059 _d10059 |
||